Единственная. Мост через вечность: пер. с англ.

Bibliographic Details
Main Author: Бах Р. Д. Ричард Дэвис
Summary:Биография? Фантазия? Метафизика? Все это и многое другое.«Мост через вечность» — история встречи родных душ, нашедших друг друга через века и миры.Это повесть о рыцаре, который умирал, и о принцессе, спасшей ему жизнь. Это история о красавице и чудовищах, о волшебных заклинаниях и крепостных стенах, о силах смер­ти, которые нам только кажутся, и силах жизни, которые есть. Это рассказ об одном приключении, которое является самым важным в любом возрасте.«Единственная» — полет Лесли и Ричарда через времена и пространства. В одном из них Ричард и Лесли не встрети­лись; в другом они — единое целое, волшебная и всемогущая женщина Пай; в третьем Лесли гибнет и Ричард ищет смер­ти; в четвертом Ричард — военный летчик, который должен сбросить атомную бомбу на Киев; в пятом...Ветвятся и множатся под их гидропланом световые до­рожки, ведущие в новые пространства, — как им вернуться домой?
Language:Russian
Published: Москва, София, 2008
Subjects:
Format: Book
KOHA link:https://koha.lib.tpu.ru/cgi-bin/koha/opac-detail.pl?biblionumber=307967

MARC

LEADER 00000nam0a2200000 4500
001 307967
005 20231102002040.0
010 |a 9785912505522 
035 |a (RuTPU)RU\TPU\book\333275 
035 |a RU\TPU\book\22224 
090 |a 307967 
100 |a 20151027d2008 m y0rusy50 ca 
101 1 |a rus  |c eng 
102 |a RU 
105 |a y z 00 ay 
200 1 |a Единственная. Мост через вечность  |e пер. с англ.  |f Р. Д. Бах 
210 |a Москва  |c София  |d 2008 
215 |a 703 с. 
330 |a Биография? Фантазия? Метафизика? Все это и многое другое.«Мост через вечность» — история встречи родных душ, нашедших друг друга через века и миры.Это повесть о рыцаре, который умирал, и о принцессе, спасшей ему жизнь. Это история о красавице и чудовищах, о волшебных заклинаниях и крепостных стенах, о силах смер­ти, которые нам только кажутся, и силах жизни, которые есть. Это рассказ об одном приключении, которое является самым важным в любом возрасте.«Единственная» — полет Лесли и Ричарда через времена и пространства. В одном из них Ричард и Лесли не встрети­лись; в другом они — единое целое, волшебная и всемогущая женщина Пай; в третьем Лесли гибнет и Ричард ищет смер­ти; в четвертом Ричард — военный летчик, который должен сбросить атомную бомбу на Киев; в пятом...Ветвятся и множатся под их гидропланом световые до­рожки, ведущие в новые пространства, — как им вернуться домой? 
606 1 |a Американская литература (англо-язычная литература)  |2 stltpush  |3 (RuTPU)RU\TPU\subj\28887  |9 52349 
610 1 |a романы 
610 1 |a философская проза 
675 |a 82  |v 3 
700 1 |a Бах  |b Р. Д.  |c американский прозаик, философ, публицист  |f 1936-  |g Ричард Дэвис  |2 stltpush  |3 (RuTPU)RU\TPU\pers\22711  |9 9744 
801 0 |a RU  |b 63413507  |c 20011209  |g PSBO 
801 2 |a RU  |b 63413507  |c 20160510  |g PSBO 
942 |c BK